01269nab a22002537a 4500999001500000003000400015005001700019008004100036040000700077100002900084245010600113260007300219300001500292500003500307505019700342505010000539505008100639650002300720650002000743650003400763650004500797773016000842942001301002 c6438d6438OSt20260203104309.0190429b xxu||||| |||| 00| 0 spa d cPJ aReyes, Analía V.9706510aArgentina : bsistema modelo de juicio por jurados con perspectiva de géneros /cAnalía V. Reyes. cCiudad Autónoma de Buenos Aires :aThomson Reuters La Ley, b2023. ap. 110-130 aCita Online: AR/DOC/2267/2023. aSumario: I. Planteo del tema: la trascendencia del veredicto del jurado en el caso "M. B.".— II. El fallo de la Corte mendocina que validó las instrucciones con perspectiva de géneros.  aFallo comentado: SC Mendoza, sala II ~ 03/07/2023 ~ F. c. C. R., D. J. s/ homicidio agravado. tSi te interesa el texto completo, solicitalo a koha@justierradelfuego.gov.ar 09343aDERECHO PENAL 092913aHOMICIDIO 094044aPERSPECTIVA DE GÉNERO 094305aDERECHO A LA IDENTIDAD DE GÉNERO0 0265893164tRevista de derecho penal y criminología. Nº 11 - Diciembre 2023dCiudad Autónoma de Buenos Aires : Thomson Reuters La Ley, 2017-x00347914 2udccANA